000
00339nam a2200145Ia 4500
008
150301s2011 xx 000 0 und d
082
_a
616.07
_b
R11S
100
_a
SAXENA, RENU
245
_a
RECENT ADVANCES IN HEMATOLOGY -3
250
_a
1ST
260
_b
JAYPEE
_a
DELHI
_c
2011
300
_a
266
650
_a
PATHOLOGY
942
_2
ddc
_c
BK
999
_c
6635
_d
6635